00756nam a2200169 a 450000100100000000500170001000800410002704000250006824500550009326000560014830000200020404900090022495201200023395201110035395201050046499900170056900003189220200930063248.0110707s2003 dr 000 0 spa d aDO-SdBNPbspacBNPHU00aGuía de salud :bguías dominicanas año 2003. aSanto Domingo :bServicios Médicos UCE,c[2003?]. a52 p. ;c28 cm. aBNPD 001054708DSaGRbGRcCTd2011-07-07iLF1l0o p31892-30r2020-06-25te. 3w2020-06-25yLFDSZPréstamo en sala 0010718PDaPDbPDcCTd2011-07-07iLF1l0o p31892-10r2020-06-25te. 2w2020-06-25yLFPDZNo se presta 0010718PDaPDbPDcCTd2011-07-07iLF1l0o p31892-20r2020-06-25w2020-06-25yLFPDZNo se presta c31383d31383